00946nmc a2200301 a 4500003000900000005001700009008004100026020001800067040001300085100002600098245006300124250001200187260004700199300003400246490002900280500004400309500002200353500003400375650001800409650002800427650002800455650002600483650002300509653002300532653002600555653002100581700004200602AR-BaBNM20251128205132.0011101s1996 ||||||||||||||000 | spa|| a950-892-027-0 cAR-BaBNM1 aEscotet, Miguel Angel10aUniversidad y devenirbentre la certeza y la incertidumbre a1ª ed. aBuenos AiresbLugar EditorialbIdeasc19960 a173 p.bil., gráfs., tablas 0aProblemática educativa0 aReferencias bibliográficas p. 153-1660 aApéndice p. 1670 aIndice analítico p. 168-173 4aUNIVERSIDADES 4aENSENANZA UNIVERSITARIA 4aPAPEL DE LA UNIVERSIDAD 4aINTERDISCIPLINARIEDAD 4aPOLITICA EDUCATIVA aEDUCACION SUPERIOR aEDUCACION A DISTANCIA aCAMBIO EDUCATIVO1 aCirigliano, Gustavo F.J.eprologuista